000 00350nam a22001571a 4500
020 _a9788120700253
082 _a907.1
_bKOC/T
100 _aKochhar S K
245 _aTeaching of history/
_cby Kochhar S K
260 _aNew Delhi:
_bSterling,
_c1992.
300 _a388p.
650 _aEducation
650 _aHistory
942 _cBK
942 _cBK
999 _c46248
_d46248